000 00768nam a2200241 i 4500
001 125927
003 ES-MaACL
005 20240204121415.0
007 t|
008 070214s1985 sp s00110 spa d
020 _a84-7483-396-5
080 _a025.31
245 0 0 _aReglas de catalogación.
_n1,
_pMonografías y publicaciones seriadas.
260 _aMadrid :
_bDirección General del Libro y Bibliotecas,
_c1985.
300 _aXXII, 345 p. ;
_c24 cm.
500 _aÍndice.
650 4 _aCatalogación bibliográfica-
_xNormas.
_910839
710 1 _aEspaña.
_bDirección General del Libro y Bibliotecas.
_93788
852 4 _aES-MaACL
_jL-8520
852 4 _aES-MaACL
_jA-15034
_9130563
_cDEPO1
_dOlim: 025.31 REG
942 _2udc
999 _c125927
_d125927